000 00459nam a2200181Ia 4500
008 090123s9999 xx 000 0 und d
082 _b25117
100 _aबैजल रेखा
245 _aआदिम
250 _a1
260 _bमंजिरी प्रकाशन
300 _a132
600 _aबैजल रेखा
630 _aआदिम
700 _aबैजल रेखा
730 _aआदिम
942 _cBOOK
999 _c63188
_d63188